Zastosowanie metod programowania z ograniczeniami do planowania zajęć / (Rekord nr 9678)
| 000 -ETYKIETA REKORDU | |
|---|---|
| podpole kontrolne o stałej długości | 01066naa a2200193 i 4500 |
| 001 - NUMER KONTROLNY REKORDU | |
| podpole kontrolne | 9678 |
| 003 - IDENTYFIKATOR NUMERU KONTROLNEGO REKORDU | |
| podpole kontrolne | KOSZ 005 |
| 005 - DATA OSTATNIEJ MODYFIKACJI REKORDU | |
| podpole kontrolne | 20180410134938.0 |
| 008 - POLE O STAŁEJ DŁUGOŚCI - DANE KONTROLNE | |
| podpole kontrolne o stałej długości | 151212s2005 pl n f |100 0pol |
| 040 ## - ŹRÓDŁO KATALOGOWANIA | |
| Instytucja, która utworzyła rekord | BPK |
| Instytucja, która dokonała modyfikacji | KOSZ 005/EG |
| 100 1# - NAZWA OSOBOWA | |
| Nazwa osobowa | BANASZAK, Zbigniew. |
| Lata pracy | 2003 - . |
| Instytucja | Politechnika Koszalińska - Wydział Elektroniki i Informatyki, |
| Wydział | Katedra Telekomunikacji |
| 245 10 - TYTUŁ/ODPOWIEDZIALNOŚĆ | |
| Tytuł | Zastosowanie metod programowania z ograniczeniami do planowania zajęć / |
| Pozostałe elementy strefy tytułu i oznaczenia odpowiedzialności | Zbigniew Banaszak, Grzegorz Bocewicz, Krzysztof Bzdyra. |
| 650 #0 - HASŁO PRZEDMIOTOWE W FORMIE NAZWY OGÓLNEJ LUB JEDNOSTKOWEJ | |
| Nazwa ogólna lub geograficzna | Programowanie. |
| 655 #0 - TERMIN INDEKSOWY - OKREŚLENIE RODZAJU/FORMY DOKUMENTU | |
| Określnie rodzaju/formy dokumentu | Materiały konferencyjne. |
| 700 1# - HASŁO DODATKOWE - NAZWA OSOBOWA | |
| Nazwa osobowa | BOCEWICZ, Grzegorz. |
| Instytucja | Politechnika Koszalińska - Wydział Elektroniki i Informatyki, |
| Lata pracy | 2006 - . |
| Wydział | Zakład Podstaw Informatyki i Zarządzania |
| 700 1# - HASŁO DODATKOWE - NAZWA OSOBOWA | |
| Nazwa osobowa | BZDYRA, Krzysztof. |
| Instytucja | Politechnika Koszalińska - Wydział Elektroniki i Informatyki, |
| Lata pracy | 2004 - . |
| Wydział | Katedra Telekomunikacji |
| 773 0# - TYTUŁ DOKUMENTU MACIERZYSTEGO | |
| Wyrażenie wprowadzające | W : |
| Tytuł | Systemy informacyjne w kształceniu technicznym / pod red. A. Świć. - |
| Adres wydawniczy | Lublin : Wydaw. Uczelniane Politechniki Lubelskiej 2005. - |
| Informacje dotyczące relacji | s. 20-26 |
| 942 ## - HASŁO DODATKOWE - ELEMENTY(KOHA) | |
| Typ dokumentu | Rozdział |
| Schemat klasyfikacji | Uniwersalna klasyfikacja dziesiętna |
Brak dostępnych egzemplarzy.
